|
|
|
|
| LEADER |
00000nam a2200000 a 4500 |
| 001 |
vtls010025860 |
| 003 |
SK-MaSNL |
| 005 |
20260301212548.0 |
| 008 |
200318s2008 xo iobeg f 001 0 slo |
| 015 |
|
|
|a SNBE2010/01-00483
|
| 020 |
|
|
|a 9788096941063
|q (viaz.)
|
| 035 |
|
|
|a urn:nbn:sk:snk-am00a1ao
|
| 035 |
|
|
|a urn:nbn:sk:snk-am3hcz0
|
| 035 |
|
|
|a 29FD7BA1-8E97-4FCB-B44F-7F674E145B13
|
| 040 |
|
|
|a SNK
|b slo
|c SNK
|e AACR2
|
| 041 |
0 |
|
|a slo
|
| 043 |
|
|
|a e-xo---
|
| 044 |
|
|
|a xo
|c SK
|
| 072 |
|
7 |
|a 913(4)
|x Geografia Európy, reálie, cestovanie
|2 konspekt
|
| 080 |
|
|
|a 796.61
|2 2001
|
| 080 |
|
|
|a 796.57
|2 2001
|
| 080 |
|
|
|a 913:338.483.1
|2 2001
|
| 080 |
|
|
|a 502.2:338.483.11
|2 2001
|
| 080 |
|
|
|a 908(437.6)
|2 2001
|
| 080 |
|
|
|a (036)913
|2 2001
|
| 080 |
|
|
|a (084.4)
|2 2001
|
| 080 |
|
|
|a (084.3)
|2 2001
|
| 245 |
0 |
0 |
|a Cestovný informátor 2009
|b cyklo & autoatlas : Slovenská republika
|
| 246 |
3 |
0 |
|a Cyklo & autoatlas
|
| 246 |
3 |
0 |
|a Cestovný informátor 2009 Slovenská republika
|
| 246 |
3 |
0 |
|a Cyklo & autoatlas Slovenská republika
|
| 250 |
|
|
|a [1. vyd.]
|
| 260 |
|
|
|a Martin
|b Jozef Čurilla - JOMA
|c 2008
|
| 300 |
|
|
|a 352 s., [168] s. príl.
|b erby, fotogr., mapy, plány
|c 25 cm
|
| 500 |
|
|
|a Čiast. text angl., nem., maď. a poľ.
|
| 500 |
|
|
|a Obsahuje piktogramy, cyklotrasy, autoatlas, plány miest
|
| 504 |
|
|
|a Register
|
| 650 |
0 |
7 |
|a cykloturistika
|2 SNKPH
|9 3264
|
| 650 |
0 |
7 |
|a mototuristika
|2 SNKPH
|9 3262
|
| 650 |
0 |
7 |
|a turistické zaujímavosti
|2 SNKPH
|9 73869
|
| 650 |
0 |
7 |
|a prírodné zaujímavosti
|2 SNKPH
|9 67558
|
| 651 |
|
7 |
|a Slovensko
|x vlastiveda
|2 SNKPH
|9 265825
|
| 655 |
|
7 |
|a turistickí sprievodcovia (publikácie)
|2 SNKPH
|9 191298
|
| 655 |
|
7 |
|a autoatlasy
|2 SNKPH
|9 70658
|
| 655 |
|
7 |
|a automapy
|2 SNKPH
|9 70659
|
| 655 |
|
7 |
|a cykloturistické mapy
|2 SNKPH
|9 70791
|
| 919 |
|
|
|a 978-80-969410-6-3
|
| 999 |
|
|
|c 918513
|d 920443
|
| 952 |
|
|
|a SNK
|b SNK
|y VYP
|7 0
|p 17A0637342
|o snkSC 113341/2009 D1
|i snk2009/21371
|8 0
|0 0
|1 0
|4 0
|d 2009-11-27
|l 0
|r 2026-02-24 08:07:31
|w 2026-02-24
|
| 952 |
|
|
|a SNK
|b SNK
|y PREZ
|7 0
|p 17A0637341
|o snkSC 113341/2009
|i snk2009/21370
|8 0
|0 0
|1 0
|4 0
|d 2009-11-27
|f 1
|l 0
|r 2025-10-02 00:00:00
|w 2026-02-24
|